| 000 | 00529cam a2200193ua 4500 | ||
|---|---|---|---|
| 001 | 11184 | ||
| 008 | 190903n ii |||gr||||Z||||||asm | ||
| 020 | _a9788192588049 | ||
| 040 | _cMAIN | ||
| 082 | _a891.452 | ||
| 100 |
_aDr. Prafulla Kumar Nath, _eAuthor., |
||
| 245 |
_aAsomiya Natak : _bIchar aru bisleshan / _cDr. Prafulla Kumar Nath . |
||
| 250 | _a1st ed. | ||
| 260 |
_aGuwahati: _bBandhav, _c2014. |
||
| 300 | _a208. | ||
| 653 | _aEast Indo-European & Celtic literatures | ||
| 653 | _aAssamese drama | ||
| 942 | _cBK | ||
| 999 |
_c10047 _d10047 |
||